|
|
|
|
| LEADER |
00000nab a2200000 a 4500 |
| 001 |
vtls000834441 |
| 003 |
SK-MaSNL |
| 005 |
20260304143336.0 |
| 008 |
250505c2002 xo 0 slo |
| 015 |
|
|
|a SNBRB2003/05-14050
|
| 035 |
|
|
|a CLN000186096
|
| 035 |
|
|
|a (urnnbn)urn:nbn:sk:snk:ar-002bp4
|
| 035 |
|
|
|a (uuid)00809c2f-010b-43fd-a513-bed55a67af03
|
| 035 |
|
|
|a urn:nbn:sk:snk-ab7rrp
|
| 040 |
|
|
|a SNKBUCL
|b slo
|c SNKBUCL
|e AACR2
|
| 041 |
0 |
|
|a slo
|
| 044 |
|
|
|a xo
|c SK
|
| 080 |
|
|
|a 784(=914.99)(048)
|2 1997
|
| 080 |
|
|
|a 397:784
|2 1997
|
| 100 |
1 |
|
|a Urbancová, Hana,
|d 1956-
|4 aut
|9 189990
|
| 245 |
1 |
0 |
|a Jana Belišová: Phurikane giľa - starodávne rómske piesne
|c Hana Urbancová
|
| 300 |
|
|
|b Obr.
|
| 650 |
0 |
7 |
|a piesne rómske
|x publikácie
|x recenzie
|2 snkbucl
|9 1464180
|
| 650 |
0 |
7 |
|a Rómovia
|x repertoár piesňový
|2 snkbucl
|9 1464181
|
| 650 |
0 |
7 |
|a romiká
|2 snkbucl
|9 72855
|
| 655 |
|
7 |
|a články z novín a časopisov
|2 snkbucl
|9 267496
|
| 773 |
0 |
|
|t Slovenská hudba
|g Roč. 28, č. 2 (2002), s. 291-293
|x 1335-2458
|
| 787 |
0 |
8 |
|i Rec.:
|a Belišová, Jana
|t Phurikane giľa - starodávne rómske piesne
|d Bratislava : OZ Žudro, OZ Media, 2002
|
| 850 |
|
|
|a Slovenská národná knižnica
|
| 852 |
|
|
|a Slovenská národná knižnica
|
| 954 |
|
|
|a odborná, vedecká literatúra pôvodná (slovenská)
|2 lita
|
| 958 |
|
|
|a article9
|
| 958 |
|
|
|a RC
|
| 958 |
|
|
|a OND
|
| 958 |
|
|
|a EUIPO
|
| 992 |
|
|
|a RBX
|
| 999 |
|
|
|c 2924921
|d 2926851
|